Biathlon Gesamtweltcupsieger Herren - Statistiken

Allgemein
  • Dieses Quiz wurde 120 mal gespielt
  • Das Durchschnittsergebnis liegt bei 12 aus 15
Antwortstatistiken
Saison Sieger % Korrekt
2023/24 Johannes Thingnes Boe
94%
2022/23 Johannes Thingnes Boe
94%
2020/21 Johannes Thingnes Boe
94%
2019/20 Johannes Thingnes Boe
94%
2018/19 Johannes Thingnes Boe
94%
2010/11 Tarjei Boe
94%
2017/18 Martin Fourcade
77%
2016/17 Martin Fourcade
77%
2015/16 Martin Fourcade
77%
2014/15 Martin Fourcade
77%
2013/14 Martin Fourcade
77%
2012/13 Martin Fourcade
77%
2011/12 Martin Fourcade
77%
2024/25 Sturla Holm Lægreid
40%
2021/22 Quentin Fillion Maillet
25%
Keine übereinstimmenden Quizze gefunden
Verteilung der Resultate
Anzahl Personen mit jedem Resultat
Perzentil nach korrekt beantworteten Fragen
Ihre Resultats-Entwicklung
Sie haben dieses Quiz noch nicht gespielt